Capitales mundiales cercanos a Moscú - Estadísticas

Estadísticas generales
  • Esta prueba ha sido intentada 74 veces
  • La puntuación promedio es 18 de 20
Estadísticas de respuestas
km capital % Correcto
1501 Bucarest
97%
1228 Estocolmo
97%
893 Helsinki
97%
758 Kiev
97%
1571 Budapest
95%
1645 Oslo
95%
1610 Berlín
94%
676 Minsk
94%
843 Riga
92%
868 Tallin
92%
1153 Varsovia
92%
1776 Sofía
90%
1633 Bratislava
87%
781 Vilna
85%
1562 Copenhague
84%
1669 Praga
84%
1672 Viena
82%
1144 Chișinău
79%
1715 Belgrado
73%
1647 Tiflis
69%
No se encontraron pruebas coincidentes
Distribución de puntuación
Porcentaje de gente con cada puntuación
Porcentaje por número respondido
Historial de tus puntuaciones
No has intentado esta prueba.